The Journal of criminal law & criminology (Registro nro. 160103)
[ vista simple ]
| 000 -LEADER | |
|---|---|
| fixed length control field | 01132ny a22002893n 4500 |
| 008 - FIXED-LENGTH DATA ELEMENTS--GENERAL INFORMATION | |
| fixed length control field | 060418s 000 0 eng d |
| 022 ## - | |
| -- | 0091-4169 |
| 035 ## - | |
| -- | 2912 |
| 040 ## - CATALOGING SOURCE | |
| Original cataloging agency | UPO. |
| Language of cataloging | spa |
| Modifying agency | vLex |
| 080 ## - | |
| -- | 34 |
| -- | (05) |
| -- | (0:004.738.5) |
| 090 ## - | |
| -- | 1638 |
| -- | 1638 |
| 245 04 - TITLE STATEMENT | |
| Title | The Journal of criminal law & criminology |
| Medium | [Recurso electrónico] |
| 246 3# - | |
| -- | Journal of criminal law and criminology |
| 256 ## - | |
| -- | Servicio en línea |
| 260 ## - PUBLICATION, DISTRIBUTION, ETC. (IMPRINT) | |
| Place of publication, distribution, etc | Baltimore : |
| Name of publisher, distributor, etc | Williams & Wilkins |
| 310 ## - | |
| -- | Trimestral |
| 506 1# - RESTRICTIONS ON ACCESS NOTE | |
| Terms governing access | Contenido solo disponible en los productos indicados |
| Authorized users | vLex Global |
| -- | vLex Global (Academic Edition, excluding Law Schools) |
| -- | vLex Global (Academic Edition, Law Schools) |
| 650 04 - SUBJECT ADDED ENTRY--TOPICAL TERM | |
| Topical term or geographic name as entry element | Criminología |
| General subdivision | Publicaciones periódicas |
| 650 04 - SUBJECT ADDED ENTRY--TOPICAL TERM | |
| Topical term or geographic name as entry element | Investigaciones criminales |
| General subdivision | Publicaciones periódicas |
| 710 2# - ADDED ENTRY--CORPORATE NAME | |
| Corporate name or jurisdiction name as entry element | Northwestern University (Evanston, Ill.). |
| Subordinate unit | School of Law |
| 740 ## - | |
| -- | vLex Revista (Servicios en línea) |
| 843 ## - | |
| -- | Electrónica. Abierta |
| 853 ## - | |
| -- | 1 |
| -- | (year) |
| -- | (month) |
| -- | (day) |
| 856 40 - LOCALIZACIÓN Y ACCESO ELECTRÓNICO | |
| Identificador Uniforme del Recurso (URI/URL) | http://vlex.com/account/login_ip?fuente_id=2912 |
| 942 ## - | |
| -- | RAA |
| 999 ## - | |
| -- | 160103 |
| -- | 160103 |
No hay ítems disponibles.